LEADER 01336nam a2200289 a 4500 001 000000122446 003 CaOOAMICUS 005 20140909105649.0 008 100707s1998 it u000 u ita r 020 $a88-15-06689-6 040 $aPUL$bita$dReb 082 04$a909 100 1 $aDe Vergottini, Giuseppe.$0(OLS)http://pul/name/27923 245 13$aLe transizioni costituzionali :$bsviluppi e crisi del costituzionalismo alla fine del XX secolo /$cGiuseppe De Vergottini. 260 $aBologna :$bIl Mulino,$c©1998. 300 $a231 p. ;$c21 cm. 490 1 $aUniversale paperbacks Il Mulino ;$v343 504 $aInclude riferimenti bibliografici ed indice. 650 4$aCostituzionalismo$ySec. XX-XXI.$0(OLS)http://pul/subject/37060 830 0$aUniversale paperbacks Il Mulino ;$v343.$0(OLS)http://pul/title/190 850 $aPUL 852 $aPUL$W1$xDP2 Filosofia 3$y112$m909 COLL 2.343$j140614$qDDC 21$B139721$CPULBib$Z2$F139721 $H114285 $82 941 1 $a9 996 $6020$a88-15-06689-6$9(OLS)http://pul/number/144822 996 $6082$a909$9(OLS)http://pul/classification/566 996 $6245$aLe transizioni costituzionali :$bsviluppi e crisi del costituzionalismo alla fine del XX secolo$9(OLS)http://pul/title/154215 996 $6260$aBologna :$bIl Mulino$9(OLS)http://pul/publisher/47928 LEADER 01246nam a2200289 u 4500 001 000000075462 003 CaOOAMICUS 005 20070226123114.0 008 031006s1989 it u000 u ita u 020 $a8870780880 035 $a10972031 040 $aPUL$bita 041 1 $aita$heng 100 1 $aBowlby, John,$d1907-$0(OLS)http://pul/name/15568 240 10$aSecure base.$litaliano.$0(OLS)http://pul/title/99035 245 14$aUna base sicura :$bapplicazioni cliniche della teoria dell'attaccamento /$cJohn Bowlby. 260 $aMilano :$bR. Cortina,$cc1989. 300 $axv, 168 p. ;$c22 cm 490 1 $aCollana di psicologia clinica e psicoterapia ;$v26 650 4$aMaternità.$0(OLS)http://pul/subject/20606 830 0$aCollana di psicologia clinica e psicoterapia ;$v26.$0(OLS)http://pul/title/12189 850 $aPUL 852 $aPUL$W1$xSL Filosofia 1$y2$m97 S 26$j97108$nBK-PRI$b $qStampati$B97108$CPULBib$Z2$F97108 $H93147 $81 941 1 $a8 996 $6020$a8870780880$9(OLS)http://pul/number/98453 996 $6245$aUna base sicura :$bapplicazioni cliniche della teoria dell'attaccamento$9(OLS)http://pul/title/99036 996 $6260$aMilano :$bR. Cortina$9(OLS)http://pul/publisher/52064